| 000 | 00561nam a2200193Ia 4500 | ||
|---|---|---|---|
| 005 | 20250326123925.0 | ||
| 008 | 250326s9999 xx 000 0 und d | ||
| 037 | _aTextbook | ||
| 040 |
_aFMSL _beng _cFMSL |
||
| 041 |
_aeng _2eng |
||
| 084 |
_aSNIobX:8 L9 _qFMSL |
||
| 100 |
_aLawness D J _9736395 |
||
| 245 | 0 |
_aOrganizational behavior: psychology of effective management _cLawness D J |
|
| 250 | _a2 | ||
| 260 |
_aNew Jersey _bNew Jersey, Prentice-Hall _c1979 |
||
| 300 | _a524p | ||
| 942 |
_cTB _hSNIobX:8 L9 |
||
| 999 |
_c1271493 _d1271493 |
||